000 00722nam a2200181Ia 4500
008 100921s9999 xx 000 0 und d
082 _b30448
_a891.463 थ 88
100 _aरांगणेकर कुमुदिनी.
245 _aकळसुत्री बाहुल्या.
260 _bराजेंद्र प्रकाशन, पुणे.
_c1988
300 _a143
_bशांती पब्लिकेशन,पुणे
365 _b42
520 _aललित-कादंबरी.
630 _aकळसुत्री बाहुल्या.
650 _aललित-कादंबरी.
730 _aकळसुत्री बाहुल्या.
942 _cBOOK
999 _c779561
_d779558